| Tag |
First Indicator |
Second Indicator |
Subfields |
| LEADER |
00000cam a2200000 4500 |
| 001 |
in00000036280 |
| 005 |
20231114214032.2 |
| 008 |
710311s1969 nyu b 000 0 eng |
| 010 |
|
|
|a 77083377
|
| 035 |
|
|
|a (OCoLC)00126699
|
| 035 |
|
|
|9 AAB8225AM
|
| 040 |
|
|
|a DLC
|c DLC
|d m.c.
|d m/c
|d TXA
|d UtOrBLW
|
| 043 |
|
|
|a n-us---
|
| 049 |
|
|
|a TXAM
|c [1333501]
|
| 050 |
0 |
0 |
|a KF4234
|b .Z9C35
|
| 050 |
|
4 |
|a KF4234.Z9
|b C35
|
| 082 |
0 |
|
|a 346/.73/064
|
| 100 |
1 |
|
|a Cary, William Lucius,
|d 1910-
|
| 245 |
1 |
4 |
|a The law and the lore of endowment funds ;
|b report to the Ford Foundation /
|c [by] William L. Cary and Craig B. Bright.
|
| 264 |
|
1 |
|a [New York] :
|b [Ford Foundation],
|c [1969]
|
| 300 |
|
|
|a x, 82 pages
|
| 336 |
|
|
|a text
|b txt
|2 rdacontent
|
| 337 |
|
|
|a unmediated
|b n
|2 rdamedia
|
| 338 |
|
|
|a volume
|b nc
|2 rdacarrier
|
| 490 |
1 |
|
|a The Educational endowment series
|
| 504 |
|
|
|a Includes bibliographical references.
|
| 650 |
|
0 |
|a Universities and colleges
|x Law and legislation
|z United States.
|
| 650 |
|
0 |
|a Charitable uses, trusts, and foundations
|z United States.
|
| 700 |
1 |
|
|a Bright, Craig B.,
|d 1931-
|
| 710 |
2 |
|
|a Ford Foundation.
|
| 830 |
|
0 |
|a Educational endowment series.
|
| 999 |
|
|
|a MARS
|
| 999 |
f |
f |
|s 67a5ad2b-29e0-3761-b21d-5a930a35d20f
|i 6d70fb3d-6f58-368a-84dc-1d6639621234
|t 0
|
| 952 |
f |
f |
|p ric
|a Texas A&M University
|b Rellis Campus
|c Joint Library Facility
|d Remote Storage
|t 0
|e KF4234.Z9 C35
|h Library of Congress classification
|i unmediated -- volume
|m A14812555393
|
| 998 |
f |
f |
|a KF4234.Z9 C35
|t 0
|l Remote Storage
|